[Event "AUTO-OPEN-155"]
[Site "http://www.queenalice.com/game.php?id=73596"]
[Date "2006.6.1"]
[Round "3"]
[White "ENDHER"]
[Black "kapilgain"]
[Result "1-0"]
[WhiteElo "2295"]
[BlackElo "2179"]

1. d4 Nf6 2. Nf3 e6 3. c4 b6 4. g3 Bb7 5. Bg2 Bb4+ 6. Bd2 c5 7. O-O O-O 8. Bxb4
cxb4 9. a3 Nc6 10. d5 Na5 11. b3 bxa3 12. Rxa3 exd5 13. cxd5 Bxd5 14. Nc3 1-0

[Event "AUTO-OPEN-155"]
[Site "http://www.queenalice.com/game.php?id=73597"]
[Date "2006.6.1"]
[Round "3"]
[White "kapilgain"]
[Black "ENDHER"]
[Result "0-1"]
[WhiteElo "2188"]
[BlackElo "2286"]

1. e4 e5 2. Nf3 Nc6 3. Bb5 a6 4. Ba4 Nf6 5. O-O Nxe4 6. d4 b5 7. Bb3 d5 8. dxe5
Be6 9. Nbd2 Nc5 10. c3 Bg4 11. Bc2 Nxe5 12. Qe1 f6 0-1

[Event "AUTO-OPEN-173"]
[Site "http://www.queenalice.com/game.php?id=84926"]
[Date "2006.7.11"]
[Round "3"]
[White "kapilgain"]
[Black "rwc"]
[Result "1-0"]
[WhiteElo "2153"]
[BlackElo "1973"]

1. e4 e5 2. Nf3 Nf6 3. Nxe5 d6 4. Nf3 Nxe4 5. d4 d5 6. Bd3 Nc6 7. c4 Bb4+ 8.
Nbd2 Bg4 9. a3 Nxd2 10. Bxd2 Bxd2+ 11. Qxd2 Bxf3 12. Qe3+ Qe7 13. gxf3 Nxd4 14.
O-O-O Qxe3+ 15. fxe3 dxc4 16. Bxc4 Nxf3 17. Bd5 Ne5 18. Bxb7 1-0

[Event "AUTO-OPEN-173"]
[Site "http://www.queenalice.com/game.php?id=84927"]
[Date "2006.7.11"]
[Round "3"]
[White "rwc"]
[Black "kapilgain"]
[Result "0-1"]
[WhiteElo "1964"]
[BlackElo "2160"]

1. e4 e5 2. Nf3 Nc6 3. Bb5 a6 4. Bxc6 dxc6 5. O-O Bg4 6. h3 h5 7. d3 Qf6 8. Nbd2
Ne7 9. Re1 Ng6 10. d4 Bd6 11. hxg4 hxg4 12. Nh2 Rxh2 13. Qxg4 Rh4 14. Qf5 Ke7
15. Nf3 Rah8 16. Nxh4 Nxh4 17. Qxf6+ gxf6 18. dxe5 Bxe5 0-1

[Event "AUTO-MASTER-68"]
[Site "http://www.queenalice.com/game.php?id=92695"]
[Date "2006.8.4"]
[Round "2"]
[White "kapilgain"]
[Black "Lucascg"]
[Result "1-0"]
[WhiteElo "2172"]
[BlackElo "1859"]

1. e4 c5 2. Nf3 a6 3. c4 d6 4. d4 cxd4 5. Nxd4 Nf6 6. Nc3 e6 7. Be2 Be7 8. O-O
O-O 9. Be3 Nc6 10. Qd2 Bd7 11. h3 Rc8 12. Rad1 Qc7 13. b3 Ne5 14. f4 Ng6 15. g4
Bc6 16. f5 exf5 17. exf5 1-0

[Event "AUTO-MASTER-68"]
[Site "http://www.queenalice.com/game.php?id=92696"]
[Date "2006.8.4"]
[Round "2"]
[White "Lucascg"]
[Black "kapilgain"]
[Result "0-1"]
[WhiteElo "1856"]
[BlackElo "2175"]

1. d4 c5 2. d5 Nf6 3. c4 e6 4. Nc3 exd5 5. cxd5 d6 6. Bf4 a6 7. a4 g6 8. Nf3 Bg7
9. e4 O-O 10. Bd3 Qc7 11. O-O Nbd7 12. h3 Re8 13. Re1 Nh5 14. Bh2 Nb6 15. a5 Nd7
16. Qa4 Nhf6 0-1

[Event "AUTO-MASTER-68"]
[Site "http://www.queenalice.com/game.php?id=92697"]
[Date "2006.8.4"]
[Round "2"]
[White "kapilgain"]
[Black "daniel_strutz"]
[Result "1-0"]
[WhiteElo "2147"]
[BlackElo "1938"]

1. e4 e6 2. c4 d5 3. exd5 exd5 4. d4 Nf6 5. Nc3 Be7 6. Nf3 O-O 7. Bd3 c6 8. O-O
Nbd7 9. c5 Re8 10. b4 Nf8 11. Qc2 Bg4 12. Ne5 Ng6 13. Bd2 Bf8 14. Rfe1 Be6 15.
a4 Qc7 16. b5 Bd7 17. Nxd7 Nxd7 18. a5 Rxe1+ 19. Rxe1 Nf6 20. a6 b6 21. cxb6
axb6 22. bxc6 Qxc6 23. Qa4 1-0

[Event "AUTO-MASTER-68"]
[Site "http://www.queenalice.com/game.php?id=92698"]
[Date "2006.8.4"]
[Round "2"]
[White "daniel_strutz"]
[Black "kapilgain"]
[Result "0-1"]
[WhiteElo "1904"]
[BlackElo "2166"]

1. e4 c5 2. c3 d5 3. exd5 Qxd5 4. d4 cxd4 5. Qxd4 Nf6 6. Nf3 Nc6 7. Qxd5 Nxd5 8.
Bc4 e6 9. O-O Bd6 10. Re1 O-O 11. Bxd5 exd5 12. Nbd2 Bg4 13. h3 Bh5 14. g4 Bg6
15. Nh4 Bc2 16. Nb3 Rfe8 17. Be3 g6 18. Nf3 Kg7 19. Nbd4 Be4 20. Nd2 Bd3 21. Kg2
f5 22. Nxc6 bxc6 23. Bd4+ Kf7 24. b4 a5 25. Rxe8 Rxe8 26. bxa5 c5 0-1

[Event "Board 1 ASIA-BRASIL MATCH"]
[Site "http://www.queenalice.com/game.php?id=93862"]
[Date "2006.8.8"]
[Round "-"]
[White "kapilgain"]
[Black "csparrow"]
[Result "1/2-1/2"]
[WhiteElo "2171"]
[BlackElo "2371"]

1. e4 c5 2. Nf3 d6 3. d4 cxd4 4. Nxd4 Nf6 5. Nc3 a6 6. Be3 e5 7. Nb3 Be6 8. f3
h5 9. Qd2 Nbd7 10. O-O-O Rc8 11. Kb1 Be7 12. a3 O-O 13. h3 h4 14. Bf2 Nh5 15.
Nd5 Bxd5 16. Qxd5 Qc7 17. Qd2 Rfd8 18. c3 d5 19. exd5 Nb6 20. Qe1 Nxd5 21. c4
Ndf4 22. Rxd8+ Rxd8 23. Ka2 Ng3 24. Bxg3 hxg3 25. Qxg3 Rd1 26. Qf2 Qd7 27. Qc2
Nd3 28. Bxd3 Rxh1 29. c5 g6 30. Qc4 Kg7 31. Qe4 Bf6 32. Bc4 Rh2 33. Bd5 Qc7 34.
Bxb7 a5 35. f4 a4 36. Nc1 Qxc5 37. fxe5 Qxe5 38. Qxe5 Bxe5 39. Nd3 Bd6 40. Kb1
Rh1+ 41. Kc2 f5 42. Bc6 Rg1 43. Nc1 Be5 44. b3 Bf4 45. Nd3 axb3+ 46. Kxb3 Bd2
47. Bf3 Kf6 48. a4 Ra1 49. Nc5 Be3 50. Nb7 Ke6 51. Kb4 Bf2 52. Kb5 Rb1+ 53. Kc4
Rc1+ 54. Kb4 Kd7 55. Kb5 Kc7 56. Na5 g5 57. Nb3 Rc3 58. Kb4 Be1 59. Ka3 Re3 60.
Bd5 Bc3 61. Bc4 Kb6 62. Nc1 Be5+ 63. Nb3 Bd6+ 64. Ka2 Bb4 65. Kb1 f4 66. Kb2 f3
67. gxf3 Rxf3 68. Be6 Rf2+ 69. Kc1 Ra2 70. Kb1 Rxa4 71. Kc2 Be7 72. Kd3 Kc7 73.
Nd4 Kd6 74. Bb3 Ra1 75. Nf5+ Kd7 76. Ke4 Re1+ 77. Kf3 Rb1 78. Bd5 Rf1+ 79. Ke4
Bf6 80. Ne3 Rf4+ 81. Kd3 Rd4+ 82. Ke2 Be7 83. Kf3 Rf4+ 84. Kg3 Bc5 85. Ng4 Ke7
86. Kg2 Kd6 87. Bg8 1/2-1/2

[Event "AUTO-MASTER-82"]
[Site "http://www.queenalice.com/game.php?id=95134"]
[Date "2006.8.12"]
[Round "2"]
[White "flvsnts"]
[Black "kapilgain"]
[Result "0-1"]
[WhiteElo "1583"]
[BlackElo "2171"]

1. e4 e5 2. Nf3 Nc6 3. Bc4 Nf6 4. Nc3 Nxe4 5. Nxe4 d5 6. Bxd5 Qxd5 7. Nc3 Qa5 8.
O-O Bf5 9. Re1 O-O-O 10. Ng5 Rd7 11. d3 h6 12. Nf3 g5 13. Ne4 Bxe4 14. Rxe4 f5
15. Bd2 Qd5 16. Re3 Bc5 17. c4 Qd6 18. Re2 Qxd3 19. Nxe5 Nxe5 20. Rxe5 Bxf2+ 21.
Kxf2 Qd4+ 22. Re3 f4 23. Qe2 Re8 24. Re1 fxe3+ 25. Bxe3 Qh4+ 26. Kg1 Rd3 0-1

[Event "AUTO-MASTER-82"]
[Site "http://www.queenalice.com/game.php?id=95135"]
[Date "2006.8.12"]
[Round "2"]
[White "kapilgain"]
[Black "flvsnts"]
[Result "1-0"]
[WhiteElo "2170"]
[BlackElo "1591"]

1. d4 d5 2. c4 dxc4 3. Nc3 e5 4. e3 Bb4 5. Bxc4 exd4 6. exd4 c5 7. Nf3 Bg4 8.
O-O cxd4 9. Nd5 Nc6 10. Nxb4 Nxb4 11. Qb3 Nc6 12. Bxf7+ Kf8 13. Bxg8 Rxg8 14.
Ng5 Qd7 15. Nxh7+ Ke7 16. Bg5+ Kd6 17. Bf4+ Ne5 18. Bxe5+ Kxe5 19. Rfe1+ Kd6 20.
Rac1 Rac8 21. Qg3+ Kd5 22. Qe5# 1-0

[Event "AUTO-OPEN-172"]
[Site "http://www.queenalice.com/game.php?id=97110"]
[Date "2006.8.18"]
[Round "3"]
[White "kapilgain"]
[Black "ENDHER"]
[Result "1-0"]
[WhiteElo "2165"]
[BlackElo "2263"]

1. e4 c5 2. d4 cxd4 3. c3 Nf6 4. e5 Nd5 5. cxd4 d6 6. Nf3 Nc6 7. Bc4 Nb6 8. d5
Nxc4 9. dxc6 Nxe5 10. Nxe5 Qa5+ 11. Nc3 Qxe5+ 12. Be3 bxc6 13. O-O Bd7 14. Re1
Qf5 15. Qb3 e5 16. Qb7 Rd8 17. f4 Be7 18. fxe5 O-O 19. Bxa7 d5 20. a4 Rfe8 21.
a5 Bg5 22. a6 Bf4 23. Bb6 Rb8 24. Qc7 Ra8 25. a7 Bxe5 26. Qb7 f6 27. Kh1 g6 28.
Bc7 Be6 29. Bxe5 fxe5 30. Na4 Qf7 31. Qxf7+ Kxf7 32. Nb6 Rab8 33. axb8=Q Rxb8
34. Ra7+ Kf6 35. Na4 e4 36. Rxh7 Rb4 37. Nc5 Rxb2 38. Rf1+ Ke5 39. Re7 Kd6 40.
Rxe6+ Kxc5 41. Rc1+ Kd4 42. Rexc6 e3 43. Rxg6 Kd3 44. Rd6 d4 45. Rd1+ Rd2 46.
Re1 Rc2 47. Kg1 Rc7 48. h4 Rf7 49. Rd1+ 1-0

[Event "AUTO-OPEN-172"]
[Site "http://www.queenalice.com/game.php?id=97111"]
[Date "2006.8.18"]
[Round "3"]
[White "ENDHER"]
[Black "kapilgain"]
[Result "1-0"]
[WhiteElo "2179"]
[BlackElo "2177"]

1. d4 d5 2. c4 c6 3. Nf3 Nf6 4. Nc3 e6 5. e3 Nbd7 6. Bd3 dxc4 7. Bxc4 b5 8. Bd3
Bb7 9. O-O a6 10. e4 c5 11. d5 c4 12. Bc2 Qc7 13. dxe6 Nc5 14. e5 Rd8 15. Qe2
Nd5 16. exf7+ Qxf7 17. Nxd5 Qxd5 18. Rd1 Nd3 19. Bg5 Be7 20. Bxe7 Kxe7 21. Ne1
Qe4 22. Qf1 Kf7 23. Bxd3 cxd3 24. Nxd3 Bc8 25. Rd2 Bf5 26. Rad1 Rd5 27. f4 Qd4+
28. Nf2 Qxd2 29. Rxd2 Rxd2 30. g4 Bd7 31. f5 Rd8 32. Qc1 Be8 33. e6+ Kf8 34.
Qc5+ Kg8 35. Qc7 Kh8 36. Qe7 1-0

[Event "Russia - India"]
[Site "http://www.queenalice.com/game.php?id=127134"]
[Date "2006.11.9"]
[Round "-"]
[White "LoveChess"]
[Black "kapilgain"]
[Result "1-0"]
[WhiteElo "2232"]
[BlackElo "2181"]

1. e4 d5 2. exd5 Nf6 3. d4 Bg4 4. f3 Bf5 5. g4 Bg6 6. c4 c6 7. Nc3 cxd5 8. g5
Nfd7 9. cxd5 Nb6 10. Qb3 h6 11. gxh6 N8d7 12. Nge2 Rc8 13. Rg1 Qc7 14. Bf4 Qc4
15. Be3 Qd3 16. Kf2 Nc4 17. Bc1 Nd2 18. Bxd2 Qxd2 19. Bh3 Qxh6 20. Qxb7 Rd8 21.
Nb5 e6 22. Nc7+ Ke7 23. dxe6 Qxh3 24. Qb4+ Kf6 25. Nd5+ Kxe6 26. Nef4+ Kf5 27.
Qc4 Qxh2+ 28. Kf1 Qd2 29. Re1 1-0

[Event "India - Russia"]
[Site "http://www.queenalice.com/game.php?id=127135"]
[Date "2006.11.9"]
[Round "-"]
[White "kapilgain"]
[Black "LoveChess"]
[Result "0-1"]
[WhiteElo "2177"]
[BlackElo "2295"]

1. e4 e5 2. Nf3 Nc6 3. Bc4 Nf6 4. Ng5 d5 5. exd5 Na5 6. Bb5+ c6 7. dxc6 bxc6 8.
Be2 h6 9. Nf3 e4 10. Ne5 Bc5 11. c3 Bd6 12. d4 exd3 13. Nxd3 O-O 14. b4 Nc4 15.
Nd2 Nxd2 16. Qxd2 Re8 17. O-O Bf5 18. Rd1 Ne4 19. Qe1 Qh4 20. g3 Qf6 21. Bb2 Ng5
22. h4 Nf3+ 23. Bxf3 Rxe1+ 24. Nxe1 Re8 25. Rd2 Be5 26. Rc1 g5 27. hxg5 Qxg5 28.
Re2 Re6 29. Bg2 Qe7 30. Nf3 Bxg3 31. Rxe6 Qxe6 32. fxg3 Qe2 33. Re1 Qxb2 34. Re3
Qxa2 35. Nd4 Bg6 36. Nxc6 Qd2 37. Re8+ Kg7 38. c4 Bd3 39. Rd8 Qe1+ 40. Kh2 Bxc4
41. Rd7 a6 42. Nd4 Qxb4 43. Nf5+ Kg6 44. Nh4+ Kh7 0-1

[Event "Challenge"]
[Site "http://www.queenalice.com/game.php?id=127528"]
[Date "2006.11.9"]
[Round "-"]
[White "colina"]
[Black "kapilgain"]
[Result "0-1"]
[WhiteElo "1500"]
[BlackElo "2180"]

1. e4 d5 2. exd5 Nf6 3. Nf3 Nxd5 4. d4 Bg4 5. Be2 Nc6 6. O-O e6 7. h3 Bf5 8. c3
Bd6 9. Bb5 O-O 10. Bxc6 bxc6 11. Ne5 c5 12. Na3 cxd4 13. cxd4 Qf6 14. Nd7 Qg6
15. Nxf8 Rxf8 16. Qf3 h5 17. Qb3 c6 18. f4 Rb8 19. Qf3 Rb4 20. b3 Rxd4 21. Nc4
Bc5 22. Kh1 Rd3 23. Qe2 Rxh3+ 24. gxh3 Qg3 25. Nd2 Be4+ 0-1

[Event "SAARC"]
[Site "http://www.queenalice.com/game.php?id=190817"]
[Date "2007.4.2"]
[Round "1"]
[White "tehan"]
[Black "kapilgain"]
[Result "1-0"]
[WhiteElo "1984"]
[BlackElo "2169"]

1. e4 d5 2. exd5 Qxd5 3. Nc3 Qa5 4. d3 Nc6 5. Nf3 Nf6 6. h3 e5 7. Bd2 Bc5 8. Be2
Bf5 9. O-O O-O-O 10. a3 Bd6 11. Be3 Nd5 12. Bd2 f6 13. Qe1 Nxc3 14. Bxc3 Qb6 15.
b4 g5 16. Nh2 h5 17. Bd2 g4 18. hxg4 hxg4 19. Bxg4 e4 20. Bxf5+ Kb8 21. Ng4 Qb5
22. Qxe4 Nd4 23. Bg6 f5 24. Bxf5 Qxf5 25. g3 1-0